000 00532nam a2200169 4500
001 122474
003 ES-MaACL
005 20230906192002.0
007 t|
008 070214s1958 sp r ||||1| spa d
100 1 _aPuente, Esteban de la.
_994139
245 1 0 _aCarlos V y la administración de justicia /
_cEsteban de la Puente.
260 _aMadrid :
_bC.S.I.C.,
_c1958.
300 _a64 p. ;
_c23 cm.
500 _aEs tirada aparte de Revista de Indias, año XVIII, nº 73-74, 1958.
852 _aES-MaACL
_j2013-F-15
_bR.44963
999 _c122474
_d122474